000 00907nam a2200241 a 4500
001 71637
003 BD-RjUL
005 20211209082134.0
008 170506s1971 bg ||||| |||| 00| 0 ben d
020 _c: IRs. 7.50
035 _a(BD-RjUL)71853
040 _aBD-RjUL
_bben
_cBD-RjUL
041 _aben
082 _223
_a891.44108
_bRAK 1971
245 0 0 _aরক্তাক্ত মানচিত্র /
_cআবদুল হাফিজ সম্পাদিত
250 _a১ম প্রকাশ
260 _aমুজিবনগর [কলিকাতা] :
_bমুক্তধারা,
_c১৯৭১
300 _a১৮৫, [১] পৃ. ;
_c২১ সেমি.
650 _aবাংলা কবিতা
_xসংগ্রহ
_9211962
650 _aBengali poetry
_9211963
_xCollection
700 _aহাফিজ, আবদুল, সম্পাদক
_9248546
942 _2ddc
_cBK
999 _c71637
_d71637